• 首页
  • 本馆介绍
  • 公告通知
  • 最新文献
  • 馆藏检索
  • 电子资源
  • 读者导购
  • 参考咨询
  • 我的图书馆
  • 登录
  • 详细信息显示
  • 放入我的书架
  • 预约/预借图书
  • 作者相关作品
  • 分类相关作品
  • 丛书相关作品
  • 出版社相关作品

书目信息

  • 表格格式
  • 工作单格式
  • 卡片格式
题名:
体育项目英语会话·田径
    
 
作者: 田慧 主编
分册:   田径
出版信息: 北京   北京体育大学出版社  2017.06
页数: 126页
开本: 21cm
丛书名:
单 册:
中图分类: G8 , G82
科图分类:
主题词: 田径运动--英语--口语 , 田径运动--英语--口语
电子资源:
ISBN: 978-7-5644-2660-6
000 00989nam0 2200253 450
001 1133
005 20180927134842.12
010    @a978-7-5644-2660-6@dCNY38.00
100    @a20180819d2017 em y0chiy50 ea
101 0  @achi@aeng
102    @aCN@b110000
105    @aa z 000yy
200 1  @a体育项目英语会话·田径@Ati yu xiang mu ying yu hui hua·tian jing@9ti yu xiang mu ying yu hui hua@i田径@dEnglish dialogues for sports@iAthletics@f田慧主编@zeng
210    @a北京@c北京体育大学出版社@d2017.06
215    @a126页@c图@d21cm
330    @a本书主要介绍了田径项目中涉及的专业用语以及日常用语,并配图加以说明,其内容包含检录、短跑和接力跑、马拉松、竞走、全能项目、赛场采访、赛后总结、评价比赛、新闻发布会等。
510 1  @aEnglish dialogues for sports@iAthletics@zeng
606 0  @a田径运动@x英语@x口语
606 0  @a田径运动@x英语@x口语
690    @aG8@v5
690    @aG82@v4
701  0 @a田慧@9tian hui@c(外语)@4主编
801  0 @aCN@b91MARC@c20180819
905    @aMuseLib@dG82@e151
    
    体育项目英语会话·田径.田径=English dialogues for sports.Athletics/田慧主编.-北京:北京体育大学出版社,2017.06
    126页:图;21cm
    
    
    ISBN 978-7-5644-2660-6:CNY38.00
    本书主要介绍了田径项目中涉及的专业用语以及日常用语,并配图加以说明,其内容包含检录、短跑和接力跑、马拉松、竞走、全能项目、赛场采访、赛后总结、评价比赛、新闻发布会等。
●
相关链接 在E读中查询图书 在五车中查询图书 在当当中查询图书 在豆瓣中查询图书


正题名:体育项目英语会话·田径     索取号:G82/151         预约/预借

序号 登录号 条形码 馆藏地/架位号 状态 备注
1 1121324   211213248   第一样本阅览室/ [索取号:G82/151] 在馆    
2 1121325   211213257   第四借阅区/ [索取号:G82/151] 在馆    
3 1121326   211213266   第四借阅区/ [索取号:G82/151] 在馆    
4 1121327   211213275   第四借阅区/ [索取号:G82/151] 在馆    
5 1121328   211213284   第四借阅区/ [索取号:G82/151] 在馆    
唐山师范学院图书馆 欢迎您!
大连网信软件有限公司© 版权所有